00406nam a22001337a 4500082001500000100002200015245003400037260003200071300000800103650001800111942000700129952011900136999001700255 a270.82 BEN aBent, A J Van Der aThe Utopia of World Community aU.K.bS C M Press ltdc1973 a150 aEcumenicalism cBK 00104070aHMIbHMId2016-04-20eMr Christoph Wildfangg0.00l0o270.82 BENp11003366r2026-01-16w2026-01-16yBK c20090d20090